Účinnější pomoc dlouhodobě nezaměstnaným

Potreba ucelenejšej politiky zamestnanosti v ČR pri prekonávaní negatívnych javov na trhu práce. Selektivita trhu práce v ČR. Rozsah a hlavné prvky politiky zamestnanosti v medzinárodnom porovnaní. Postrehy z výskumu trhu práce. Výdavky na aktívnu politiku zamestnanosti v jednotlivých krajinách Euró...

Full description

Saved in:
Bibliographic Details
Main Author: Sirovátka, Tomáš
Format: Book Chapter
Language:Czech
Subjects:
Tags: Add Tag
No Tags, Be the first to tag this record!

MARC

LEADER 00000naa a2200000 4500
001 r024021
005 20221213082741.9
041 0 |a cze 
044 |a CZ 
245 1 0 |a Účinnější pomoc dlouhodobě nezaměstnaným  |c Tomáš Sirovátka 
520 |a Potreba ucelenejšej politiky zamestnanosti v ČR pri prekonávaní negatívnych javov na trhu práce. Selektivita trhu práce v ČR. Rozsah a hlavné prvky politiky zamestnanosti v medzinárodnom porovnaní. Postrehy z výskumu trhu práce. Výdavky na aktívnu politiku zamestnanosti v jednotlivých krajinách Európy, USA, Japonsku, Austrálii. Poňatie modernej aktívnej politiky zamestnanosti, nástroje politiky. 
610 2 0 |a politika zamestnanosti 
610 2 0 |a nezamestnanosť 
610 2 0 |a trh práce 
610 2 0 |a výdavky 
610 2 0 |a Európa 
610 2 0 |a USA 
610 2 0 |a Japonsko 
610 2 0 |a Austrália 
610 2 0 |a Česko 
100 1 |a Sirovátka, Tomáš